02467nam a2200301 4500001001000000003000400010005001700014008004100031035001300072040002400085041000800109050002000117100004500137245026100182246009100443260000900534538005800543650006900601650006500670655003300735700005500768700005300823700004500876710008400921856112801005942001502133999001702148000656966OSt20260530113914.0260507b2015 mx ||||| |||| 00| 0 spa d aTD015989 aICIbspacICIerda  aspa aHE327bM69 2015 aAquino, Thales Leonard dos Santos93388610aHacia una movilidad consciente en la Zona Metropolitana del Valle de MéxicocThales Leonard dos Santos Aquino ; directora: Mtra. Nora Morales Zaragoza ; lectores: Mtro. Tonatiuh Navarro Mastache, Mtra. Georgina Durán Quezada.h[recurso electrónico] :10aEstrategias innovadoras aplicadas a la experiencia Iberobúsh[recurso electrónico] a2015 aModo de acceso: World Wide Web; Adobe Acrobat Reader. 4aMovilidad estudiantilvEstudio de casoszDistrito Federal933887 4aMovilidad laboralvEstudio de casoszDistrito Federal933888 aLibros electrónicos933889 1aMorales Zaragoza, Nora Angélicaedirector933890 1aNavarro Mastache, Manuel Tonatiuhelector933891 1aDurán Quezada, Georginaelector933892 2aUniversidad Iberoamericana Ciudad de México.bDepartamento de Diseño933893 uhttp://www.bib.uia.mx/tesis/pdf/015989/015989.pdf Tipo de formato electrónico pdf Nota pública Texto completo en pdf. 902 ## - ELEMENTOS DE DATOS B LOCAL, LDB (RLIN) a Diseño Estratégico e Innovación. b Maestría 920 ## - -- Diplomado en Inteligencia Territorial, -- Universidad Autónoma Metropolitana - Cuajimalpa 920 ## - -- Diseño Industrial, -- Centro Universitário da Cidade do Rio de Janeiro 920 ## - -- Diseño de Información, -- Pontifícia Universidad Católica de Chile 921 ## - -- Experiencia del Usuario 921 ## - -- Retórica de la Imagen 921 ## - -- Diseño de Posicionamiento 922 ## - -- Taller de diseño de presentaciones 905 ## - ELEMENTOS DE DATOS E LOCAL, LDE (RLIN) a 15 915 ## - -- 2015 916 ## - -- ISABEL 917 ## - -- MX 942 ## - ELEMENTOS DE PUNTO DE ACCESO ADICIONAL (KOHA) Tipo de ítem Koha Impresos Ibero Excluir SI 980 ## - EQUIVALENCIA O REFERENCIA-CRUZADA-MENCIÓN DE SERIE--NOMBRE DE PERSONA/TÍTULO [LOCAL, CANADÁ] Enlace entre campo y número de secuencia 126340 Información miscelánea ADMIN1 2lcccBKn1 c12237d12237